000 00331nam a2200133Ia 4500
005 20260328104250.0
008 260328s9999||||xx |||||||||||||| ||und||
100 _aSan Martin, Macarena
245 0 _aCasas junto al mar /
_cMacarena San Martin
260 _bKolon
300 _a255 p.
650 _aARQUITECTURA CIVIL
942 _cBK
999 _c10203
_d10203